The Racing Game - Statistics

General Stats
  • This quiz has been taken 11 times
  • The average score is 5 of 34
Answer Stats
Answer % Correct
🏎
100%
What is the primary color of the Ferrari F1 team? Red
100%
🏎
57%
What does the acronym "GT" stand for in the context of racing cars? Grand Touring
57%
Who holds the record for the most Formula 1 Grand Prix wins? Lewis Hamilton
43%
🏎
29%
🏎
29%
Which team holds the record for the most Constructors' titles? Ferrari
29%
Which famous endurance race car is renowned for breaking Ferrari's dominance at Le Mans in the 1960s? Ford GT40
29%
🏎
14%
🏎
14%
Who was the first Formula One champion in 1950? Giuseppe Farina
14%
What is the traditional drink for the winner of the Indianapolis 500? Milk
14%
Which manufacturer holds the record for the most overall wins at the 24 Hours of Le Mans? Porsche
14%
🏎
0%
🏎
0%
🏎
0%
🏎
0%
🏎
0%
🏎
0%
🏎
0%
🏎
0%
🏎
0%
🏎
0%
🏎
0%
How many cars traditionally start the Indianapolis 500? 33
0%
fter nearly two decades at Red Bull, legendary designer Adrian Newey announced he would join which team as Managing Technical Partner starting in March 2025? Aston Martin
0%
Who was the first driver to win consecutive NASCAR premier series championships? Buck Baker
0%
Which NASCAR Hall of Famer was known by the nickname "The Iron Man"? Jack Ingram
0%
n 2025, NASCAR held its first international points-paying Cup Series race since 1958 in which city? Mexico City
0%
In what kind of racing competition do the driver and navigator attempt to keep to a predetermined schedule between checkpoints? Rallying
0%
Where did Dale Earnhardt win his first premier series race? Rockingham
0%
Who was the first automobile racer to exceed 200 miles per hour? Sir Henry Segrave
0%
Which circuit is considered the longest in the modern era at just over seven kilometers? Spa-Francorchamps.
0%
No matching quizzes found
Score Distribution
Percent of People with Each Score
Percentile by Number Answered
Your Score History
You have not taken this quiz